Postavenie dopravy v logistickom systéme diplomová práca

Na minha lista:
Detalhes bibliográficos
Autor principal: Kališ, Martin
Autor Corporativo: Podnikovohospodárska fakulta EU so sídlom v Košiciach. Katedra obchodného podnikania
Outros Autores: Daneshjo, Naqibullah, 1964-
Formato: Livro
Idioma:eslovaco
Publicado em: Košice 2019
Tags: Adicionar Tag
Sem tags, seja o primeiro a adicionar uma tag!

MARC

LEADER 00000nbm a2200000 4500
001 0257772
005 20190916145356.0
041 0 |a slo 
044 |a SK 
245 1 0 |a Postavenie dopravy v logistickom systéme  |b diplomová práca  |c Martin Kališ ; školiteľ: Naqibullah Daneshjo 
264 1 |a Košice  |c 2019 
300 |a 63 s. 
100 1 |a Kališ, Martin 
700 1 |a Daneshjo, Naqibullah, 1964- 
710 2 |a Podnikovohospodárska fakulta EU so sídlom v Košiciach. Katedra obchodného podnikania